Khoán định - Hương ước và nếp sống văn hóa làng xứ Huế thế kỷ XVII - đầu thế kỷ XX
Sách giới thiệu tổng quan về làng xã xứ Huế, văn bản khoán định - Hương ước, sự thay đổi văn hóa qua khoán ước.
Spremljeno u:
| Glavni autor: | |
|---|---|
| Format: | Knjiga |
| Jezik: | Undetermined |
| Izdano: |
Hà Nội
Thời đại
2011
|
| Teme: | |
| Oznake: |
Dodaj oznaku
Bez oznaka, Budi prvi tko označuje ovaj zapis!
|
| Thư viện lưu trữ: | Trung tâm Học liệu Trường Đại học Cần Thơ |
|---|
| LEADER | 00876nam a2200205Ia 4500 | ||
|---|---|---|---|
| 001 | CTU_170593 | ||
| 008 | 210402s9999 xx 000 0 und d | ||
| 082 | |a 392.0959749 | ||
| 082 | |b L566 | ||
| 100 | |a Lê, Nguyễn Lưu | ||
| 245 | 0 | |a Khoán định - Hương ước và nếp sống văn hóa làng xứ Huế thế kỷ XVII - đầu thế kỷ XX | |
| 245 | 0 | |c Lê Nguyễn Lưu | |
| 260 | |a Hà Nội | ||
| 260 | |b Thời đại | ||
| 260 | |c 2011 | ||
| 520 | |a Sách giới thiệu tổng quan về làng xã xứ Huế, văn bản khoán định - Hương ước, sự thay đổi văn hóa qua khoán ước. | ||
| 650 | |a Manners and customs,Phong tục tập quán | ||
| 650 | |z Vietnam,Việt Nam | ||
| 904 | |i Trọng Hải | ||
| 980 | |a Trung tâm Học liệu Trường Đại học Cần Thơ | ||